ბათუმის შოთა რუსთაველის სახელმწიფო უნივერსიტეტის ბიბლიოთეკა

B Is For Burglar / (ბიბ.ჩანაწერი № 45143)

000 -LEADER
fixed length control field 00596nam a2200241Ia 4500
001 - CONTROL NUMBER
control field 11966
003 - CONTROL NUMBER IDENTIFIER
control field GE_BSU
005 - DATE AND TIME OF LATEST TRANSACTION
control field 20221121145547.0
008 - FIXED-LENGTH DATA ELEMENTS--GENERAL INFORMATION
fixed length control field 181216s1986en xx |||||||||||||| ||eng||
020 ## - INTERNATIONAL STANDARD BOOK NUMBER
International Standard Book Number 9780330315838 x
040 ## - CATALOGING SOURCE
Transcribing agency GE_BSU
041 ## - LANGUAGE CODE
Language code of text/sound track or separate title eng
080 ## - UNIVERSAL DECIMAL CLASSIFICATION NUMBER
Universal Decimal Classification number 821.111-312.4 G-71
100 ## - MAIN ENTRY--PERSONAL NAME
Personal name Grafton,Sue
9 (RLIN) 15969
245 ## - TITLE STATEMENT
Title B Is For Burglar /
Statement of responsibility, etc. Sue Grafton
264 ## - PRODUCTION, PUBLICATION, DISTRIBUTION, MANUFACTURE, AND COPYRIGHT NOTICE
Place of production, publication, distribution, manufacture London :
Name of producer, publisher, distributor, manufacturer Pan Books,
Date of production, publication, distribution, manufacture, or copyright notice 1986.
300 ## - PHYSICAL DESCRIPTION
Extent 230 p;
Other physical details 18 cm.
653 ## - INDEX TERM--UNCONTROLLED
keyword B Is For Burglar
653 ## - INDEX TERM--UNCONTROLLED
keyword story
653 ## - INDEX TERM--UNCONTROLLED
keyword Рассказ
653 ## - INDEX TERM--UNCONTROLLED
keyword მოთხრობა
942 ## - ADDED ENTRY ELEMENTS (KOHA)
Koha item type წიგნი
Source of classification or shelving scheme
ეგზემპლარები
Withdrawn status Lost status Source of classification or shelving scheme Damaged status Not for loan Permanent Location Current Location Shelving location Date acquired Full call number Barcode Date last seen Copy number Price effective from Koha item type
          ბათუმის შოთა რუსთაველის სახელმწიფო უნივერსიტეტის მთავარი ბიბლიოთეკა ბათუმის შოთა რუსთაველის სახელმწიფო უნივერსიტეტის მთავარი ბიბლიოთეკა წიგნსაცავი 2018-12-17 821.111-312.4 G-71 35674 2018-12-17 35674 2018-12-17 წიგნი